Disaster relief and the RSS : (Record no. 168440)

MARC details
000 -LEADER
fixed length control field 00703nam a22001937a 4500
005 - DATE AND TIME OF LATEST TRANSACTION
control field 20191009142908.0
010 ## - LCCN (DPL NO)
LC control number ENG-126622
020 ## - INTERNATIONAL STANDARD BOOK NUMBER
International Standard Book Number 9789353285517
Terms of availability 850.00
035 ## - SYSTEM CONTROL NUMBER
System control number EN-110154
037 ## - SOURCE OF ACQUISITION
Source of stock number/acquisition DBAD/PUB
082 ## - DEWEY DECIMAL CLASSIFICATION NUMBER
Classification number 363.348
100 ## - MAIN ENTRY--PERSONAL NAME
Personal name Bhattacharjee, Malini
245 ## - TITLE STATEMENT
Title Disaster relief and the RSS :
Statement of responsibility, etc by Malini Bhattacharjee
Remainder of title resurrecting "religion "through humanitarianism /
260 ## - PUBLICATION, DISTRIBUTION, ETC. (IMPRINT)
Place of publication, distribution, etc New Delhi
Name of publisher, distributor, etc SAGE Publications
270 ## - ADDRESS
Address B1/1-1, Mohan Cooperative Industrial Area
City Mathura Road, Post Bag 7
Postal code 110044
Electronic mail address marketing@sagepub.in
300 ## - PHYSICAL DESCRIPTION
Extent xvii,238p.
Dimensions 22cm(Hb)
500 ## - GENERAL NOTE
General note Includes bibliographical references and index
942 ## - ADDED ENTRY ELEMENTS (KOHA)
Source of classification or shelving scheme Dewey Decimal Classification
Item type English Books
Classification part 363.348
Call number suffix BHA
Holdings
Withdrawn status Lost status Not for loan Collection code Home library Current library Date acquired Source of acquisition Cost, normal purchase price Full call number Barcode Copy number Cost, replacement price Koha item type
      Non-fiction Sarojini Nagar Sarojini Nagar 09/10/2019 DBAD/PUB 850.00 363.348 BHA EN-110154 1 850.00 English Books

© Delhi Public Library
Hit Counter
free hit counter